000 00226nam a22000977a 4500
003 SGT
245 _aOral Surgery Oral Medicine Oral Pathology Oral Padio.
260 _bElsevier Publisher
_c2021
300 _a753
942 _2ddc
_cBV
999 _c30376
_d30376